000 00623 a2200193 4500
001 001079
003 OSt
005 20211007153500.0
008
082 _a004.21
_bP27C
100 1 _aPatterson, David A.
245 1 _aComputer organisation and design
_cby David A. Patterson and John L. Hennessy
250 _a4th ed.
260 _aNew Delhi
_bElsever
_c2009
300 _a689p.
690 _aComputer organization; Computer engineering; Computer interfaces; Computer architecture; System design--Data processing; Computer science
700 _aHennessy, John L.
942 _2ddc
_cBK
999 _c24
_d24